[Event "Guernsey Open"]
[Site "Guernsey"]
[Date "2009.10.19"]
[Round "2"]
[White "Norman, Kenneth I"]
[Black "Murray, Steve"]
[Result "1-0"]
[WhiteElo "2182"]
[BlackElo "1964"]
[PlyCount "85"]
[EventDate "2009.10.18"]

1. Nf3 Nf6 2. g3 e6 3. Bg2 d5 4. O-O Be7 5. c4 O-O 6. d4 dxc4 7. Ne5 Nbd7 8.
Nxc4 Nb6 9. Na5 c6 10. e4 Bb4 11. Nb3 Re8 12. a3 Bf8 13. Bf4 e5 14. Bxe5 Nc4
15. Bxf6 Qxf6 16. Qc2 b5 17. Nc3 Bg4 18. h3 Bf3 19. e5 Nxe5 20. dxe5 Rxe5 21.
Bxf3 Qxf3 22. Rae1 Rae8 23. Rxe5 Rxe5 24. Qd1 Qf5 25. Kg2 b4 26. axb4 Bxb4 27.
Qg4 Qxg4 28. hxg4 a5 29. Rc1 g5 30. Na4 f5 31. gxf5 Rxf5 32. Nd4 Rf7 33. Rxc6
h5 34. Nc2 Be7 35. Ne3 h4 36. Nb6 hxg3 37. fxg3 Bf6 38. Nbc4 Bd4 39. Rg6+ Kf8
40. Rxg5 Rb7 41. Rxa5 Bxb2 42. Nxb2 Rxb2+ 43. Kf3 1-0

[Event "Guernsey Open"]
[Site "Guernsey"]
[Date "2009.10.19"]
[Round "2"]
[White "Van Dijk, Bram"]
[Black "Wessels, Cornelis"]
[Result "1/2-1/2"]
[WhiteElo "2173"]
[BlackElo "1993"]
[PlyCount "71"]
[EventDate "2009.10.18"]

1. e4 e5 2. Nf3 Nc6 3. Bb5 f5 4. d3 fxe4 5. dxe4 Nf6 6. O-O d6 7. Qe2 Bg4 8. h3
Bxf3 9. Qxf3 Be7 10. Bc4 Qd7 11. b4 Nd4 12. Qd3 b5 13. Bb3 Nxb3 14. Qxb3 Qc6
15. f3 d5 16. a4 Qc4 17. Nc3 Qxb3 18. cxb3 Bxb4 19. Nxb5 Bc5+ 20. Kh2 Kd7 21.
exd5 Nxd5 22. Rd1 c6 23. Bb2 Rhe8 24. Rac1 Be3 25. Rc4 a6 26. Nc3 Bd4 27. f4
Nxf4 28. Ne4 Ne6 29. Nc5+ Nxc5 30. Bxd4 exd4 31. Rdxd4+ Kc7 32. Rxc5 Rad8 {(=)}
33. Rdc4 Re6 34. b4 Kb6 35. Rf5 Rd7 36. Rcf4 1/2-1/2

[Event "Guernsey Open"]
[Site "Guernsey"]
[Date "2009.10.19"]
[Round "2"]
[White "Agustsson, Hafsteinn"]
[Black "Goater, Kevin"]
[Result "0-1"]
[WhiteElo "1952"]
[BlackElo "2168"]
[PlyCount "60"]
[EventDate "2009.10.18"]

1. e4 g6 2. d4 Bg7 3. Nc3 d6 4. f4 a6 5. Nf3 b5 6. Bd3 Nd7 7. O-O c5 8. Be3
Ngf6 9. h3 b4 10. e5 bxc3 11. exf6 Bxf6 12. bxc3 O-O 13. f5 Bb7 14. Ng5 Bxg5
15. Bxg5 cxd4 16. cxd4 Qa5 17. c4 Rfe8 18. Qg4 Qc3 19. Rad1 Nf8 20. Bh6 e6 21.
fxg6 Nxg6 22. Rf6 Re7 23. h4 e5 24. h5 e4 25. hxg6 Qxd4+ 26. Rf2 fxg6 27. Bc2
Qc5 28. Qf4 Rae8 29. Qf8+ Rxf8 30. Bxf8 Rf7 0-1

[Event "Guernsey Open"]
[Site "Guernsey"]
[Date "2009.10.19"]
[Round "2"]
[White "Williams, Peter A"]
[Black "Taylor, Mark V"]
[Result "1/2-1/2"]
[WhiteElo "1961"]
[BlackElo "2141"]
[PlyCount "67"]
[EventDate "2009.10.18"]

1. d4 f5 2. g3 Nf6 3. Bg2 e6 4. Nf3 Be7 5. O-O O-O 6. c4 d6 7. b4 Qe8 8. Bb2
Qh5 9. Nbd2 Nbd7 10. Qc2 Kh8 11. Rac1 a5 12. a3 axb4 13. axb4 Nb6 14. Ra1 Bd7
15. b5 c6 16. c5 Nbd5 17. b6 f4 18. Ra7 Rab8 19. cxd6 Bxd6 20. Nc4 fxg3 21.
fxg3 Ng4 22. Qc1 Nf4 23. Rf2 Nxf2 24. Kxf2 Nxg2 25. Kxg2 e5 26. Nxd6 Bh3+ 27.
Kf2 Bg4 28. Qh1 exd4 29. Bxd4 Qd5 30. Qd1 Rf6 31. Ne4 Rf5 32. Nd6 Rf6 33. Ne4
Rf5 34. Nd6 1/2-1/2

[Event "Guernsey Open"]
[Site "Guernsey"]
[Date "2009.10.19"]
[Round "2"]
[White "Gregg, Alan Michael"]
[Black "Downey, Keith"]
[Result "1/2-1/2"]
[WhiteElo "2140"]
[BlackElo "1931"]
[PlyCount "59"]
[EventDate "2009.10.18"]

1. e4 c5 2. Nc3 a6 3. f4 e6 4. Nf3 Nc6 5. d3 d5 6. Bd2 g6 7. g3 Bg7 8. e5 Nge7
9. Bg2 Rb8 10. O-O O-O 11. h3 f6 12. exf6 Bxf6 13. Kh2 Nf5 14. Rb1 Bd7 15. Ne2
b5 16. c3 b4 17. c4 d4 18. Qc1 Qe7 19. Re1 Rbe8 20. g4 Nh4 21. g5 Nxf3+ 22.
Bxf3 Bg7 23. Ng3 Qd8 24. Ne4 Qe7 25. Qd1 Kh8 26. Bg4 Rd8 27. Qe2 e5 28. Bxd7
Rxd7 29. Nf6 Bxf6 30. gxf6 1/2-1/2

[Event "Guernsey Open"]
[Site "Guernsey"]
[Date "2009.10.19"]
[Round "2"]
[White "Campbell, Eoin"]
[Black "Heppell, Ian N"]
[Result "1/2-1/2"]
[WhiteElo "1910"]
[BlackElo "2135"]
[PlyCount "40"]
[EventDate "2009.10.18"]

1. Nf3 d6 2. d4 Nd7 3. c4 e5 4. Nc3 Be7 5. e4 Ngf6 6. Be2 exd4 7. Nxd4 Nc5 8.
f3 a5 9. O-O O-O 10. Nd5 Re8 11. Nxe7+ Qxe7 12. Nb5 Ne6 13. b3 Bd7 14. Ba3 Bxb5
15. cxb5 Nd7 16. Bc4 Nec5 17. Qd4 Qe5 18. Qxe5 Rxe5 19. Bd5 Rb8 20. Rad1 Nb6
1/2-1/2

[Event "Guernsey Open"]
[Site "Guernsey"]
[Date "2009.10.19"]
[Round "2"]
[White "Muller, Anton"]
[Black "Purdon, Colin"]
[Result "1/2-1/2"]
[WhiteElo "1951"]
[BlackElo "2102"]
[PlyCount "66"]
[EventDate "2009.10.18"]

1. e4 Nf6 2. e5 Nd5 3. d4 d6 4. exd6 cxd6 5. c4 Nb6 6. Nf3 g6 7. Nc3 Bg7 8. b3
Bg4 9. Be2 Nc6 10. Be3 O-O 11. O-O d5 12. c5 Nc8 13. Rc1 e6 14. Qd2 N8e7 15.
Nh4 Bxe2 16. Nxe2 Bf6 17. Nf3 Nf5 18. Nc3 Bg7 19. Rfd1 h5 20. Ne2 Qa5 21. Qxa5
Nxa5 22. Bf4 Rfc8 23. Ne5 f6 24. Nd3 Nc6 25. Be3 e5 26. Ne1 Nxe3 27. fxe3 Bh6
28. Rc3 exd4 29. exd4 Re8 30. Kf2 Re4 31. Nc2 Rae8 32. Ng3 Rf4+ 33. Rf3 Rxf3+
1/2-1/2

[Event "Guernsey Open"]
[Site "Guernsey"]
[Date "2009.10.19"]
[Round "2"]
[White "Hamperl, Fred A"]
[Black "Goris Schouwstra, Adry"]
[Result "1-0"]
[WhiteElo "2046"]
[BlackElo "1952"]
[PlyCount "71"]
[EventDate "2009.10.18"]

1. e4 e6 2. d4 d5 3. exd5 exd5 4. c4 c6 5. Nc3 Ne7 6. Bd3 Be6 7. c5 Bf5 8. Nf3
Bxd3 9. Qxd3 Ng6 10. O-O Be7 11. b4 a6 12. a4 O-O 13. Bd2 b6 14. Rfb1 bxc5 15.
bxc5 Qc8 16. Rb3 Nd7 17. Rab1 Rb8 18. Rxb8 Nxb8 19. a5 Bf6 20. Ne2 h6 21. Ng3
Bd8 22. Nf5 Bc7 23. N3h4 Qd8 24. Nxg6 fxg6 25. Nxh6+ Kh7 26. Qh3 gxh6 27. Qxh6+
Kg8 28. Qxg6+ Kh8 29. Rb3 Qd7 30. Bg5 Qg7 31. Rh3+ Kg8 32. Qxg7+ Kxg7 33. Bh6+
Kg8 34. Bxf8 Kxf8 35. Rh7 Bf4 36. g3 1-0

[Event "Guernsey Open"]
[Site "Guernsey"]
[Date "2009.10.19"]
[Round "2"]
[White "Ippel, Cornelius J"]
[Black "Dennis, Nigel W"]
[Result "0-1"]
[WhiteElo "2073"]
[BlackElo "1957"]
[PlyCount "128"]
[EventDate "2009.10.18"]

1. e4 c5 2. Nf3 e6 3. d4 cxd4 4. Nxd4 Nf6 5. Nc3 d6 6. Bd3 Nc6 7. Nde2 e5 8.
O-O Be6 9. Kh1 Be7 10. f4 exf4 11. Bxf4 Ne5 12. Bg5 O-O 13. Bxf6 Bxf6 14. Nd5
Bxd5 15. exd5 Nxd3 16. Qxd3 Be5 17. Rf3 Qg5 18. Raf1 g6 19. b3 b6 20. Ng1 Rac8
21. c4 Rc7 22. Rh3 Bg7 23. Nf3 Qf6 24. Nd2 Qe5 25. Re3 Qd4 26. Qe2 Qb2 27. Ne4
Qxe2 28. Rxe2 Re7 29. Rfe1 Rfe8 30. Ng3 Rxe2 31. Rxe2 Rxe2 {(=)} 32. Nxe2 Be5
33. g3 Kg7 34. Kg2 a5 35. Nc1 Kf6 36. Kf3 h5 37. Nd3 Kf5 38. h3 f6 39. g4+
hxg4+ 40. hxg4+ Kg5 41. a3 f5 42. gxf5 Kxf5 43. b4 axb4 44. axb4 Bd4 45. Nf4 g5
46. Ne6 g4+ 47. Ke2 Ke5 48. Kd3 Bf2 49. Ng5 g3 50. Nf3+ Kf4 51. Ke2 Ke4 52.
Nd2+ Kd4 53. Kf3 Be1 54. Nf1 Kxc4 55. Ne3+ Kd3 56. b5 Bf2 57. Nf5 Kc4 58. Nxd6+
Kxd5 59. Ne4 Kc4 60. Nxf2 gxf2 61. Kxf2 Kxb5 62. Ke2 Kb4 63. Kd2 Kb3 64. Kc1 b5
0-1

[Event "Guernsey Open"]
[Site "Guernsey"]
[Date "2009.10.19"]
[Round "2"]
[White "Van Ingen, Ton"]
[Black "Fassaert, Desire"]
[Result "1/2-1/2"]
[WhiteElo "2068"]
[BlackElo "1948"]
[PlyCount "52"]
[EventDate "2009.10.18"]

1. d4 Nf6 2. Nf3 e6 3. c4 Bb4+ 4. Bd2 Qe7 5. a3 Bxd2+ 6. Qxd2 d6 7. Nc3 O-O 8.
e4 e5 9. dxe5 dxe5 10. Qg5 Nc6 11. h3 h6 12. Qe3 Re8 13. Bd3 Nb8 14. O-O c6 15.
Rad1 Nbd7 16. Nd2 Nh5 17. Ne2 Qg5 18. Qxg5 hxg5 19. Nf3 f6 20. g4 Nf4 21. Nxf4
gxf4 22. Bc2 Nf8 23. Rd6 Be6 24. c5 Kf7 25. Rfd1 Ke7 26. R1d3 Red8 1/2-1/2

[Event "Guernsey Open"]
[Site "Guernsey"]
[Date "2009.10.19"]
[Round "2"]
[White "De Kleijnen, Henk J"]
[Black "De Kruif, Kees"]
[Result "1/2-1/2"]
[WhiteElo "1944"]
[BlackElo "2053"]
[PlyCount "31"]
[EventDate "2009.10.18"]

1. d4 Nf6 2. Nf3 e6 3. e3 c5 4. c3 Be7 5. Bd3 O-O 6. Nbd2 a6 7. O-O b5 8. e4
Bb7 9. b3 d6 10. Bb2 Qc7 11. Rc1 Nbd7 12. Re1 h6 13. Qe2 Rfc8 14. c4 bxc4 15.
Nxc4 Qd8 16. Ncd2 1/2-1/2

[Event "Guernsey Open"]
[Site "Guernsey"]
[Date "2009.10.19"]
[Round "2"]
[White "Maruejols, Claude"]
[Black "Livesey, Nigel"]
[Result "1/2-1/2"]
[WhiteElo "2052"]
[BlackElo "1921"]
[PlyCount "53"]
[EventDate "2009.10.18"]

1. d4 d5 2. c4 c6 3. Nc3 Nf6 4. Nf3 a6 5. c5 Bg4 6. Ne5 Bf5 7. Qb3 Ra7 8. f3
Nbd7 9. e4 Be6 10. Nxd7 Nxd7 11. exd5 cxd5 12. Bf4 Nf6 13. Bd3 g6 14. O-O Bg7
15. Be5 O-O 16. Rae1 Qd7 17. Na4 Nh5 18. Nb6 Qc6 19. Bxg7 Kxg7 20. Qd1 Nf4 21.
Bc2 Qc7 22. Re5 f6 23. Re3 Bf7 24. g3 Nh5 25. Bb3 Nxg3 26. hxg3 Qxg3+ 27. Kh1
1/2-1/2

[Event "Guernsey Open"]
[Site "Guernsey"]
[Date "2009.10.19"]
[Round "2"]
[White "Rowe, Peter"]
[Black "Wood, Peter C"]
[Result "0-1"]
[WhiteElo "2039"]
[BlackElo "1914"]
[PlyCount "90"]
[EventDate "2009.10.18"]

1. d4 d5 2. Nf3 Nf6 3. Bf4 c6 4. c3 g6 5. Nbd2 Bg7 6. h3 O-O 7. e3 Nbd7 8. Be2
Re8 9. O-O Nf8 10. c4 dxc4 11. Bxc4 Be6 12. Be2 Bd5 13. a3 Bxf3 14. Nxf3 Qb6
15. Rb1 Rad8 16. b4 Nd5 17. Qc2 Nxf4 18. exf4 Bxd4 19. b5 c5 20. f5 Bf6 21. a4
Rd5 22. fxg6 hxg6 23. Bc4 Rd6 24. Rfe1 e6 25. Nd2 Bg7 26. Bb3 Qd8 27. Ne4 Rd7
28. Qxc5 b6 29. Qc2 Qc7 30. Qe2 Red8 31. Rbc1 Qe5 32. Qc2 Qf4 33. g3 Qf5 34.
Kg2 Rd3 35. Re2 Qf3+ 36. Kg1 Rxb3 37. Nd2 Qxe2 38. Nxb3 Qxc2 39. Rxc2 Rd3 40.
Nc1 Rc3 41. Rxc3 Bxc3 42. Ne2 Bf6 43. g4 Nd7 44. g5 Be5 45. f4 Bb2 0-1

[Event "Guernsey Open"]
[Site "Guernsey"]
[Date "2009.10.19"]
[Round "2"]
[White "Cummins, John"]
[Black "Burton, Ronnie"]
[Result "1/2-1/2"]
[WhiteElo "1898"]
[BlackElo "2036"]
[PlyCount "71"]
[EventDate "2009.10.18"]

1. e4 g6 2. d4 Bg7 3. Nf3 d6 4. h3 Nf6 5. Nc3 O-O 6. Bc4 Nxe4 7. Bxf7+ Rxf7 8.
Nxe4 Nc6 9. c3 h6 10. Be3 Kh7 11. Ng3 e5 12. d5 Ne7 13. Qb3 a5 14. a4 b6 15. c4
Nf5 16. Ne4 Qe7 17. O-O-O Bd7 18. g4 Nxe3 19. Qxe3 Bxa4 20. Rd3 Raf8 21. Nfd2
Bd7 22. Kb1 Qh4 23. Rf1 Rf4 24. Qg3 Qxg3 25. Nxg3 Rxf2 26. Rxf2 Rxf2 27. Nge4
Rf4 28. Ka2 Be8 29. Ka3 g5 30. b4 axb4+ 31. Kxb4 Bg6 32. Re3 Bf8 33. Kb5 Be7
34. Kc6 Bd8 35. Kd7 Rf8 36. Nc3 1/2-1/2

[Event "Guernsey Open"]
[Site "Guernsey"]
[Date "2009.10.19"]
[Round "2"]
[White "Kamps, Jacques"]
[Black "Heath, Jeffrey"]
[Result "1/2-1/2"]
[WhiteElo "2033"]
[BlackElo "1896"]
[PlyCount "38"]
[EventDate "2009.10.18"]

1. e4 d5 2. exd5 Qxd5 3. Nc3 Qa5 4. Bc4 Bf5 5. d3 c6 6. Bd2 Qc7 7. Nge2 Nf6 8.
Ng3 Bg6 9. Qe2 Nbd7 10. f4 h6 11. f5 Bh7 12. O-O-O Nb6 13. Bb3 Nbd5 14. Rhe1 g6
15. Qf3 O-O-O 16. Nce4 Bg7 17. c4 Nb6 18. Bc3 Nbd7 19. Nxf6 Bxf6 1/2-1/2

[Event "Guernsey Open"]
[Site "Guernsey"]
[Date "2009.10.19"]
[Round "2"]
[White "Nicholson, John"]
[Black "Pickersgill, Adrian"]
[Result "0-1"]
[WhiteElo "1882"]
[BlackElo "2024"]
[PlyCount "48"]
[EventDate "2009.10.18"]

1. e4 d5 2. Nc3 dxe4 3. Nxe4 Qd5 4. Nc3 Qa5 5. Bc4 Nf6 6. Nf3 c6 7. O-O Bg4 8.
d4 e6 9. Re1 Be7 10. h3 Bh5 11. Bf4 Nbd7 12. g4 Bg6 13. Ne5 Nd5 14. Nxd5 cxd5
15. Bb3 {(=)} Nxe5 16. dxe5 O-O 17. c3 Rac8 18. Bg3 Qa6 19. h4 Bc5 20. h5 Be4
21. Kh2 Qd3 22. Qxd3 Bxd3 23. Rad1 Be4 24. f4 Bf3 0-1

[Event "Guernsey Open"]
[Site "Guernsey"]
[Date "2009.10.19"]
[Round "2"]
[White "Spanton, Timothy"]
[Black "Reutimann, Hans Peter"]
[Result "1-0"]
[WhiteElo "2009"]
[BlackElo "1812"]
[PlyCount "75"]
[EventDate "2009.10.18"]

1. d4 d5 2. Nf3 Nf6 3. e3 Bf5 4. c4 e6 5. Qb3 Nc6 6. Qxb7 Nb4 7. cxd5 Nc2+ 8.
Kd1 Nxa1 9. Bb5+ Nd7 10. Ne5 Rb8 11. Bxd7+ Ke7 12. d6+ cxd6 13. Nc6+ Kf6 14.
Nxd8 Rxb7 15. Nxb7 Bxb1 16. a3 Be4 17. Na5 Bxg2 18. Rg1 Bf3+ 19. Kd2 d5 20. b4
Bd6 21. Bb2 Bxh2 22. Rxa1 h5 23. Nc6 h4 24. Nxa7 h3 25. b5 Bc7 26. Nc8 h2 27.
b6 Bb8 28. a4 h1=Q 29. Rxh1 Rxh1 30. a5 Rh2 31. a6 Rxf2+ 32. Kc3 e5 33. a7
exd4+ 34. exd4 Bf4 35. a8=Q Bd2+ 36. Kb3 Bd1+ 37. Ka2 Bc3 38. Qc6+ 1-0

[Event "Guernsey Open"]
[Site "Guernsey"]
[Date "2009.10.19"]
[Round "2"]
[White "Bakker, Joop"]
[Black "Henbest, Kevin"]
[Result "1-0"]
[WhiteElo "1996"]
[BlackElo "1746"]
[PlyCount "97"]
[EventDate "2009.10.18"]

1. b3 c5 2. Bb2 e6 3. e3 Nf6 4. f4 Be7 5. Nf3 d6 6. Bb5+ Bd7 7. a4 Nc6 8. O-O
O-O 9. d3 a6 10. Bxc6 Bxc6 11. Nbd2 Qc7 12. e4 Nd7 13. Qe1 e5 14. fxe5 Nxe5 15.
Nxe5 dxe5 16. Qg3 f6 17. a5 Bb5 18. Nf3 Bd6 19. Nh4 Bd7 20. Nf5 Bxf5 21. Rxf5
Kh8 22. Bc3 Rae8 23. Raf1 Qe7 24. Qh4 Rf7 25. R5f3 Ref8 26. Rh3 g6 27. Rhf3 Bc7
28. Bd2 Bd8 29. Qf2 Qd6 30. Be3 Be7 31. g4 Rc8 32. Qg3 Rc6 33. Kh1 Qd8 34. Bd2
Qd4 35. h4 Qd8 36. Bc3 Kg8 37. Bxe5 f5 38. gxf5 Bxh4 39. Qg4 g5 40. Rh3 Rh6 41.
Kg2 Kf8 42. f6 Qe8 43. Bc3 Qc6 44. Rf5 Rg6 45. Rd5 Kg8 46. Rf3 h6 47. Rd8+ Kh7
48. e5 h5 49. Qxh5+ 1-0

[Event "Guernsey Open"]
[Site "Guernsey"]
[Date "2009.10.19"]
[Round "2"]
[White "Morcom, Huw"]
[Black "Bridel, Jon"]
[Result "1-0"]
[WhiteElo "1965"]
[BlackElo "1647"]
[PlyCount "51"]
[EventDate "2009.10.18"]

1. e4 b6 2. d4 Bb7 3. Nd2 e6 4. Ngf3 d5 5. e5 Ne7 6. Bd3 Nd7 7. O-O c5 8. c3
Nc6 9. Re1 Be7 10. Nf1 Qc7 11. a3 f6 12. exf6 Nxf6 13. Rxe6 Bc8 14. Re1 Bg4 15.
h3 Bxf3 16. Qxf3 c4 17. Bf5 g6 18. Bf4 Qb7 19. Be6 Rd8 20. Bh6 Rd6 21. Bg7 Ne4
22. Qf7+ Kd8 23. Bxh8 Ng5 24. Qg8+ Kc7 25. Bxd5 Rd8 26. Rxe7+ 1-0

[Event "Guernsey Open"]
[Site "Guernsey"]
[Date "2009.10.19"]
[Round "2"]
[White "Staneland, Peter"]
[Black "Guttridge, David"]
[Result "0-1"]
[WhiteElo "1705"]
[BlackElo "1965"]
[PlyCount "50"]
[EventDate "2009.10.18"]

1. Nf3 e6 2. c4 f5 3. d4 Nf6 4. Nc3 d5 5. Bg5 c6 6. e3 Bd6 7. cxd5 exd5 8. Ne5
O-O 9. Bd3 Qe8 10. Bxf6 Rxf6 11. f4 Nd7 12. g4 fxg4 13. Nxg4 Bxf4 14. Nxf6+
Nxf6 15. Kd2 Qxe3+ 16. Kc2 Bg4 17. Qe1 Qxd4 18. Rf1 Re8 19. Qf2 Re3 20. Bxh7+
Kxh7 21. Qxf4 Qd3+ 22. Kb3 d4 23. Rae1 Be6+ 24. Ka4 Qa6+ 25. Kb4 Nd5+ 0-1

[Event "Guernsey Open"]
[Site "Guernsey"]
[Date "2009.10.20"]
[Round "3"]
[White "Mack, Wolfgang"]
[Black "Korneev, Oleg"]
[Result "1-0"]
[WhiteElo "2257"]
[BlackElo "2554"]
[PlyCount "121"]
[EventDate "2009.10.18"]

1. e4 e5 2. Nc3 Nc6 3. g3 h5 4. h3 h4 5. g4 Bc5 6. Nf3 Nge7 7. Bc4 Ng6 8. d3
Na5 9. Bg5 f6 10. Be3 d6 11. a3 Nxc4 12. dxc4 Be6 13. Qd3 Qd7 14. b3 a6 15. a4
Ne7 16. Nd5 c6 17. Nxe7 Qxe7 18. Bxc5 dxc5 19. a5 Bd7 20. O-O-O Be6 {(=)} 21.
Qd6 Qxd6 22. Rxd6 Ke7 23. Rd2 Rad8 24. Rhd1 Rxd2 25. Rxd2 g6 26. Rd1 Bc8 27.
Re1 Kd6 28. Rd1+ Ke6 29. Re1 Kd6 30. Re3 Rh7 31. Kd2 f5 32. exf5 gxf5 33. Nxe5
fxg4 34. Nxg4 Bxg4 35. hxg4 h3 36. Re1 Rf7 37. Rd1 Ke5 38. Ke3 h2 39. Rh1 Rh7
40. f4+ Kf6 41. Kf3 Rh3+ 42. Kg2 Rc3 43. Rc1 h1=Q+ 44. Rxh1 Rxc2+ 45. Kf3 Rc3+
46. Ke4 Rxb3 47. g5+ Kg7 48. Kf5 Rc3 49. g6 Rxc4 50. Rh7+ Kg8 51. Rxb7 Rd4 52.
Rc7 Rd6 53. Kg5 c4 54. Kh6 Rd8 55. Rxc6 Rb8 56. Rxc4 Rf8 57. Rb4 Rc8 58. Rb6
Kh8 59. Rxa6 Rd8 60. Rb6 Rc8 61. a6 1-0

[Event "Guernsey Open"]
[Site "Guernsey"]
[Date "2009.10.20"]
[Round "3"]
[White "Kurajica, Bojan"]
[Black "Baumert, Christian"]
[Result "1-0"]
[WhiteElo "2517"]
[BlackElo "2142"]
[PlyCount "47"]
[EventDate "2009.10.18"]

1. Nf3 Nf6 2. d4 c5 3. c4 cxd4 4. Nxd4 e5 5. Nb5 d5 6. cxd5 Bc5 7. g3 O-O 8.
N5c3 Qb6 9. e3 e4 10. Bg2 Bf5 11. h3 Re8 12. g4 Bg6 13. g5 Nfd7 14. O-O Qd8 15.
h4 h6 16. Nd2 hxg5 17. h5 Bh7 18. Ndxe4 Bf8 19. Ng3 f5 20. d6 Nc6 21. Qb3+ Kh8
22. Qxb7 Nde5 23. Bxc6 Rb8 24. Qc7 1-0

[Event "Guernsey Open"]
[Site "Guernsey"]
[Date "2009.10.20"]
[Round "3"]
[White "Franklin, Samuel"]
[Black "Bellin, Robert"]
[Result "1-0"]
[WhiteElo "2131"]
[BlackElo "2388"]
[PlyCount "51"]
[EventDate "2009.10.18"]

1. e4 e5 2. Nf3 Nc6 3. Bb5 a6 4. Ba4 Nf6 5. O-O Be7 6. Re1 b5 7. Bb3 d6 8. c3
O-O 9. h3 Nb8 10. d4 Nbd7 11. Nbd2 Bb7 12. Bc2 Re8 13. b3 Bf8 14. a4 d5 15.
exd5 Nxd5 16. dxe5 b4 17. cxb4 Bxb4 18. Bb2 Nc5 19. Ne4 Ne6 20. Rf1 a5 21. Nd4
Nxd4 22. Qxd4 c5 23. Qd1 Ba6 24. Nd6 Nf4 25. Qg4 Ne2+ 26. Kh1 1-0

[Event "Guernsey Open"]
[Site "Guernsey"]
[Date "2009.10.20"]
[Round "3"]
[White "Bolt, Graham"]
[Black "Reijneveld, Ad"]
[Result "1/2-1/2"]
[WhiteElo "2054"]
[BlackElo "2185"]
[PlyCount "46"]
[EventDate "2009.10.18"]

1. e4 c5 2. Nc3 Nc6 3. g3 g6 4. Bg2 Bg7 5. Nge2 e6 6. d3 Nge7 7. Be3 Nd4 8. Qd2
O-O 9. O-O d6 10. f4 d5 11. Nd1 b6 12. Bxd4 cxd4 13. e5 f6 14. exf6 Bxf6 15.
Nf2 e5 16. fxe5 Bxe5 17. Nh3 Nf5 18. Ng5 Bf6 19. Nf3 Ne3 20. Rfe1 Bg4 21. Nexd4
Nxg2 22. Kxg2 Bxf3+ 23. Nxf3 Bxb2 1/2-1/2

[Event "Guernsey Open"]
[Site "Guernsey"]
[Date "2009.10.20"]
[Round "3"]
[White "Dijksterhuis, Rolf"]
[Black "Norman, Kenneth I"]
[Result "1/2-1/2"]
[WhiteElo "2045"]
[BlackElo "2182"]
[PlyCount "47"]
[EventDate "2009.10.18"]

1. d4 Nf6 2. Nf3 d5 3. e3 g6 4. c4 Bg7 5. Nc3 O-O 6. Be2 c5 7. O-O cxd4 8. Nxd4
Nc6 9. Nxc6 bxc6 10. Qc2 Bf5 11. Bd3 Bxd3 12. Qxd3 Qa5 13. Bd2 Qa6 14. Rac1
Qxc4 15. Qxc4 dxc4 16. Na4 Ne4 17. Bb4 c5 18. Rxc4 cxb4 19. Rxe4 a5 20. Rxe7
Rfd8 21. Rc1 Rd2 22. g3 Bxb2 23. Rcc7 Rf8 24. Red7 1/2-1/2

[Event "Guernsey Open"]
[Site "Guernsey"]
[Date "2009.10.20"]
[Round "3"]
[White "Havenaar, Jan"]
[Black "Hamperl, Fred A"]
[Result "1-0"]
[WhiteElo "2176"]
[BlackElo "2046"]
[PlyCount "55"]
[EventDate "2009.10.18"]

1. Nc3 c5 2. Nf3 d6 3. d4 cxd4 4. Nxd4 e5 5. Nf3 Be7 6. Nd5 Nf6 7. e3 Qa5+ 8.
Nc3 O-O 9. Be2 Nc6 10. Nd2 Be6 11. O-O d5 12. Kh1 Rad8 13. f4 d4 14. exd4 Nxd4
15. Bd3 Rfe8 16. fxe5 Qxe5 17. Nf3 Nxf3 18. Qxf3 Ng4 19. Bf4 Qh5 20. h3 g5 21.
Bh2 Bd6 22. Bxd6 Rxd6 23. Kg1 Re7 24. Ne4 Bd5 25. hxg4 Qh4 26. Nf6+ Rxf6 27.
Qxf6 Qxg4 28. Rf2 1-0

[Event "Guernsey Open"]
[Site "Guernsey"]
[Date "2009.10.20"]
[Round "3"]
[White "Goater, Kevin"]
[Black "Carlucci, Paul"]
[Result "1-0"]
[WhiteElo "2168"]
[BlackElo "1970"]
[PlyCount "49"]
[EventDate "2009.10.18"]

1. g3 Nf6 2. Bg2 e6 3. d3 Be7 4. Nd2 d6 5. b3 Nc6 6. Bb2 Bd7 7. e3 Qc8 8. Ne2
a5 9. a3 O-O 10. h3 h6 11. g4 Nh7 12. Ng3 Bf6 13. Bxf6 Nxf6 14. h4 Nd5 15. g5
g6 16. c4 Nde7 17. Nde4 Nf5 18. Nf6+ Kg7 19. Nxf5+ exf5 20. Qd2 f4 21. Qc3 Ne5
22. exf4 Re8 23. Nxe8+ Qxe8 24. fxe5 dxe5 25. f4 1-0

[Event "Guernsey Open"]
[Site "Guernsey"]
[Date "2009.10.20"]
[Round "3"]
[White "Schroer, Marcel"]
[Black "Von Saldern, Ruediger"]
[Result "1-0"]
[WhiteElo "2127"]
[BlackElo "2040"]
[PlyCount "65"]
[EventDate "2009.10.18"]

1. d4 d5 2. c4 e6 3. Nf3 Nd7 4. g3 Ngf6 5. Bg2 Be7 6. O-O O-O 7. Qc2 c6 8. Nbd2
Re8 9. e4 dxe4 10. Nxe4 Nxe4 11. Qxe4 Nf6 12. Qc2 c5 13. Rd1 cxd4 14. Nxd4 Qb6
15. h3 Bd7 16. a3 Rad8 17. Be3 Qc7 18. Rac1 b6 19. Qe2 a5 20. Nb5 Qb8 21. Bf4
Qc8 22. Bc7 Bxb5 23. Bxd8 Ba4 24. Bxb6 Bxd1 25. Rxd1 a4 26. Qc2 Qa6 27. Be3 Rd8
28. Rxd8+ Bxd8 29. c5 Bc7 30. c6 Nd5 31. Bxd5 exd5 32. Qc5 Qd3 33. Qe7 1-0

[Event "Guernsey Open"]
[Site "Guernsey"]
[Date "2009.10.20"]
[Round "3"]
[White "Guttridge, David"]
[Black "Van Dijk, Bram"]
[Result "0-1"]
[WhiteElo "1965"]
[BlackElo "2173"]
[PlyCount "102"]
[EventDate "2009.10.18"]

1. d4 d5 2. Nf3 Nf6 3. e3 e6 4. Bd3 b6 5. Qe2 Bb7 6. O-O Ne4 7. b3 Nd7 8. Bb2
f5 9. c4 Bd6 10. Nbd2 Qe7 11. Rac1 O-O 12. Ne5 Nxe5 13. dxe5 Bc5 14. Nf3 f4 15.
Bd4 Ba3 16. Rc2 Ng5 17. Nxg5 Qxg5 18. f3 fxe3 19. Qxe3 Qxe3+ 20. Bxe3 c5 21.
Bc1 {(=)} Bxc1 22. Rcxc1 Rf4 23. Rfd1 g5 24. Be2 h5 25. g3 Rf5 26. f4 gxf4 27.
gxf4 Rxf4 28. Bxh5 Kh7 29. h3 d4 30. Rd2 Rg8+ 31. Kh2 Rf5 32. Bg4 Rxe5 33. Rf2
Reg5 34. Rcf1 e5 35. Rf7+ R5g7 36. Bf5+ Kh8 37. Bg4 Rxf7 38. Rxf7 Rg7 39. Rf8+
Kh7 40. Re8 e4 41. Bf5+ Kh6 42. Bxe4 Bxe4 43. Rxe4 Rd7 44. Re2 Kg5 45. Kg3 Kf5
46. Kf3 Rh7 47. Rh2 Re7 48. h4 Re3+ 49. Kf2 Rc3 50. Ke1 d3 51. h5 Rc1+ 0-1

[Event "Guernsey Open"]
[Site "Guernsey"]
[Date "2009.10.20"]
[Round "3"]
[White "Taylor, Mark V"]
[Black "Bakker, Joop"]
[Result "0-1"]
[WhiteElo "2141"]
[BlackElo "1996"]
[PlyCount "54"]
[EventDate "2009.10.18"]

1. d4 d5 2. Nc3 Nf6 3. Bg5 Nbd7 4. e3 e6 5. Nf3 Be7 6. Be2 h6 7. Bh4 Ne4 8.
Bxe7 Qxe7 9. O-O Nxc3 10. bxc3 c5 11. c4 Nb6 12. Ne5 Nxc4 13. Nxc4 dxc4 14.
Bxc4 O-O 15. c3 b6 16. Qe2 Bb7 17. a4 Rfd8 18. f4 Be4 19. a5 Qb7 20. Ra3 Rab8
21. axb6 axb6 22. Rb3 Qc7 23. Ra1 Ra8 24. Ra6 Rxa6 25. Bxa6 Ra8 26. g3 Qa7 27.
Bd3 c4 0-1

[Event "Guernsey Open"]
[Site "Guernsey"]
[Date "2009.10.20"]
[Round "3"]
[White "Wessels, Cornelis"]
[Black "Gregg, Alan Michael"]
[Result "1/2-1/2"]
[WhiteElo "1993"]
[BlackElo "2140"]
[PlyCount "56"]
[EventDate "2009.10.18"]

1. e4 e5 2. Nf3 Nc6 3. Bb5 a6 4. Bxc6 dxc6 5. d4 exd4 6. Qxd4 Qxd4 7. Nxd4 c5
8. Ne2 Bd7 9. Bf4 O-O-O 10. Nbc3 Ne7 11. O-O-O f6 12. Nd5 Nxd5 13. Rxd5 Be7 14.
Rhd1 Be6 15. Rxd8+ Rxd8 16. Rxd8+ Kxd8 17. a3 Kd7 18. Kd2 b5 19. Kd3 c4+ 20.
Kd2 c5 21. c3 Kc6 22. Ng3 g6 23. Nf1 h5 24. h3 f5 25. f3 fxe4 26. fxe4 Bh4 27.
Ne3 Bf2 28. Nd1 Bh4 1/2-1/2

[Event "Guernsey Open"]
[Site "Guernsey"]
[Date "2009.10.20"]
[Round "3"]
[White "Heppell, Ian N"]
[Black "Morcom, Huw"]
[Result "1-0"]
[WhiteElo "2135"]
[BlackElo "1965"]
[PlyCount "67"]
[EventDate "2009.10.18"]

1. e4 c5 2. Nc3 a6 3. f4 g6 4. Nf3 Bg7 5. Be2 d6 6. O-O Nc6 7. d3 Nf6 8. Qe1
Nd4 9. Bd1 Nc6 10. Qh4 h6 11. Kh1 b5 12. Be3 b4 13. Ne2 Ng4 14. Bg1 Bxb2 15.
Rb1 Bg7 16. f5 Nge5 17. Nxe5 Nxe5 18. d4 g5 19. Qe1 Nc4 20. c3 Bb7 21. Ba4+ Kf8
22. Ng3 Qa5 23. Bb3 Na3 24. f6 exf6 25. dxc5 Nxb1 26. cxb4 Qd8 27. Qxb1 dxc5
28. Bxc5+ Kg8 29. Nh5 Rc8 30. Nxg7 Rxc5 31. Ne6 fxe6 32. Bxe6+ Kg7 33. bxc5 Qe7
34. e5 1-0